000 00802nam a2200265 a 4500
003 data
005 20260322212029.0
008 data
020 _a0760049173
020 _a9780760049174
040 _aMNP
_cMNP
050 0 0 _aT58.5
_b.L383 1997
092 _a004.2 L383 1997
100 1 _aLaudon, Kenneth C.,
_d1944-
245 1 0 _aInformation technology :
_bconcepts and issues /
_cKenneth C. Laudon, Carol Guercio Traver & Jane Price Laudon.
250 _a2nd ed.
260 _aCambridge MA :
_bCourse Technology,
_cc1997.
300 _axvii, 312 p. :
_bill. (some col.) ;
_c28 cm.
500 _aTitle from cover.
504 _aIncludes bibliographical references and index.
650 0 _aInformation technology.
700 1 _aTraver, Carol Guercio.
700 1 _aLaudon, Jane Price.
001 data
999 _c654
_d654